| 000 | 00917 a2200289 4500 | ||
|---|---|---|---|
| 001 | 20698 | ||
| 003 | TR-AnTOB | ||
| 005 | 20241119114512.0 | ||
| 008 | 041102s1995 tu tur | ||
| 020 | _a9751607507 | ||
| 040 |
_aTR-AnTOB _beng _erda _cTR-AnTOB |
||
| 041 | _atur | ||
| 050 |
_aPL248.N425 _bÖ4 1995 |
||
| 090 | _aPL248.N425 Ö4 1995 | ||
| 100 |
_aNebi Hazri _913603 |
||
| 245 | 0 |
_aÖmür çınarından yapraklar / _cNebi Hazri ; haz. Metin Özarslan. |
|
| 264 | 1 |
_aAnkara : _bAtatürk Kültür, Dil ve Tarih Yüksek Kurumu Atatürk Kültür Merkezi, _c1995 |
|
| 300 |
_axxviii, 147 p. ; _c20 cm. |
||
| 336 |
_atext _btxt _2rdacontent |
||
| 337 |
_aunmediated _bn _2rdamedia |
||
| 338 |
_avolume _bnc _2rdacarrier |
||
| 490 | 0 | _aAtatürk Kültür, Dil ve Tarih Yüksek Kurumu Atatürk Kültür Merkezi Yayını; 102 | |
| 650 | 7 |
_aTürk şiiri _2etuturkob _984273 |
|
| 902 | _a0008201 | ||
| 942 |
_cBK _2lcc |
||
| 999 |
_c20698 _d7378 |
||